00879nam a2200217 a 4500008004100000020001800041050001700059100002000076245011500096260004800211300003400259350001100293650002400304650001700328650002600345700002000371700001800391995010200409999001700511952013300528200817s2019 ||||||||||||||||| || u a9781107123922 aQC 718.5 Mag aPoedts, Stefaan10aMagnetohydrodynamics of laboratory and astrophysical plasmascBy Hans Goedbloesd; Rony Keppens; stefaan Poedts aCambridgebCambridge University Pressc2019 axx, 974 pages : illustrations a159.93 aPLASMA ASTROPHYSICS aASTROPHYSICS aMAGNETOHYDRODDYNAMICS aGoedbloed, Hans aKeppens, Rony FCBU-MAIN LIBRARY (Kitwe)I159.93M1UAVAILABLEWAug 20, 2020ZMain Library Open Access Collection c49671d49671 00102lcc4070a001b001cMain Library Open Access Collectiond2022-11-30l0oQC 718.5 Magp750193r2022-11-30w2022-11-30y002